[Event "Harburg-chD 12th"]
[Site "Hamburg"]
[Date "2017.08.06"]
[Round "4"]
[White "Geisler, Reinhard"]
[Black "Ahrens, Gunnar"]
[Result "0-1"]
[WhiteElo "1835"]
[BlackElo "1665"]
[PlyCount "39"]
[EventDate "2017.08.06"]
[EventType "tourn"]
[EventRounds "5"]
[EventCountry "GER"]
[SourceTitle "CBM 180 Extra"]
[Source "ChessBase"]
[SourceDate "2017.10.06"]
[SourceVersion "1"]
[SourceVersionDate "2017.10.06"]
[SourceQuality "1"]

1. d4 Nf6 2. Bf4 g6 3. e3 Bg7 4. Nf3 0-0 5. h3 d6 6. Be2 c5 7. 0-0 b6 8. c4 Bb7 9. Nc3 cxd4 10. exd4 Nbd7 11. a4 d5 12. Ne5 dxc4 13. Bxc4 Nxe5 14. Bxe5 Rc8 15. Qe2 Ne8 16. Ba6 Bxa6 17. Qxa6 Ra8 18. Rfd1 Nd6 19. a5 Qc8 20. Bxg7 0-1

[Event "Harburg-chD 12th"]
[Site "Hamburg"]
[Date "2017.08.04"]
[Round "1"]
[White "Geisler, Reinhard"]
[Black "Eschweiler, Markus"]
[Result "1/2-1/2"]
[WhiteElo "1835"]
[BlackElo "1702"]
[PlyCount "31"]
[EventDate "2017.08.06"]
[EventType "tourn"]
[EventRounds "5"]
[EventCountry "GER"]
[SourceTitle "CBM 180 Extra"]
[Source "ChessBase"]
[SourceDate "2017.10.06"]
[SourceVersion "1"]
[SourceVersionDate "2017.10.06"]
[SourceQuality "1"]

1. d4 Nf6 2. Bf4 d5 3. e3 Bf5 4. c4 h6 5. Nc3 e6 6. Nf3 Nbd7 7. Qb3 dxc4 8. Bxc4 Nb6 9. Be2 c6 10. 0-0 Bd6 11. Bxd6 Qxd6 12. a4 0-0 13. Rfd1 Qc7 14. Rac1 a6 15. Bd3 Bxd3 16. Rxd3 1/2-1/2

[Event "Sachsen-Anhalt-ch Seniors 23rd"]
[Site "Halberstadt"]
[Date "2015.06.05"]
[Round "6"]
[White "Kirmas, Joachim"]
[Black "Geisler, Reinhard"]
[Result "1-0"]
[WhiteElo "1853"]
[BlackElo "1721"]
[PlyCount "117"]
[EventDate "2015.05.31"]
[EventType "swiss"]
[EventRounds "7"]
[EventCountry "GER"]
[SourceTitle "EXT 2018"]
[Source "ChessBase"]
[SourceDate "2017.10.13"]
[SourceVersion "1"]
[SourceVersionDate "2017.10.13"]
[SourceQuality "1"]

1. e4 d6 2. d4 Nf6 3. Nc3 c6 4. Nf3 Qa5 5. Bd3 Nbd7 6. 0-0 e5 7. dxe5 dxe5 8. a3 Be7 9. Kh1 0-0 10. Rb1 Re8 11. b4 Qc7 12. Ne2 Nf8 13. c4 Ng6 14. Bb2 h6 15. Qc2 Bg4 16. Nd2 Rad8 17. f3 Be6 18. Rbd1 Rd7 19. Nb3 b6 20. Qc3 Red8 21. Bc2 Kf8 22. Nbc1 a6 23. Nd3 Ne8 24. Nf2 b5 25. Bb3 Bg5 26. Rxd7 Rxd7 27. Rd1 Qd8 28. Rxd7 Qxd7 29. Nd3 Be7 30. cxb5 cxb5 31. Bxe6 Qxe6 32. Nxe5 Bf6 33. Nxg6+ fxg6 34. Qc5+ Qd6 35. Qxd6+ Nxd6 36. Bxf6 gxf6 37. Nd4 Nc4 38. Nc2 f5 39. exf5 gxf5 40. Kg1 Ke7 41. Kf2 Ke6 42. g3 Ke5 43. Ke2 h5 44. h3 Nd6 45. Ke3 Nc4+ 46. Kd3 Nb2+ 47. Kd2 Nc4+ 48. Kc3 Kd5 49. Kd3 Ke5 50. f4+ Kd5 51. Ne3+ Nxe3 52. Kxe3 Kc4 53. g4 hxg4 54. hxg4 fxg4 55. f5 g3 56. f6 g2 57. Kf2 Kb3 58. f7 Kxa3 59. f8Q 1-0

[Event "GER-chA Seniors 26th"]
[Site "Bad Neuenahr"]
[Date "2014.08.05"]
[Round "1"]
[White "Geisler, Reinhard"]
[Black "Gehrmann, Rudolf Rainer"]
[Result "1/2-1/2"]
[WhiteElo "1913"]
[BlackElo "2125"]
[PlyCount "69"]
[EventDate "2014.08.05"]
[EventType "swiss"]
[EventRounds "9"]
[EventCountry "GER"]
[SourceTitle "EXT 2018"]
[Source "ChessBase"]
[SourceDate "2017.10.13"]
[SourceVersion "1"]
[SourceVersionDate "2017.10.13"]
[SourceQuality "1"]

1. Nf3 c5 2. c4 Nf6 3. Nc3 g6 4. g3 Bg7 5. Bg2 0-0 6. 0-0 d5 7. cxd5 Nxd5 8. Nxd5 Qxd5 9. d3 Nc6 10. a3 Qd6 11. Rb1 Rd8 12. Bf4 e5 13. Be3 Be6 14. Qa4 Rab8 15. Rfc1 b5 16. Qc2 Nd4 17. Nxd4 cxd4 18. Bd2 Rdc8 19. Qd1 Bd5 20. Rxc8+ Rxc8 21. Rc1 Rxc1 22. Qxc1 Bxg2 23. Qc8+ Qf8 24. Qxf8+ Bxf8 25. Kxg2 f5 26. f3 Kf7 27. Kf2 Ke6 28. Ke1 Kd5 29. h3 Bd6 30. Kf2 b4 31. a4 Kc6 32. g4 f4 33. Ke1 g5 34. Kd1 Kc5 35. b3 1/2-1/2

[Event "Hessen-ch Seniors op 09th"]
[Site "Bad Sooden-Allendorf"]
[Date "2013.04.28"]
[Round "9"]
[White "Geisler, Reinhard"]
[Black "Perk, Egbert"]
[Result "1/2-1/2"]
[WhiteElo "1925"]
[BlackElo "1996"]
[PlyCount "53"]
[EventDate "2013.04.20"]
[EventType "swiss"]
[EventRounds "9"]
[EventCountry "GER"]
[SourceTitle "EXT 2019"]
[Source "ChessBase"]
[SourceDate "2018.10.10"]
[SourceVersion "1"]
[SourceVersionDate "2018.10.10"]
[SourceQuality "1"]

1. Nf3 Nf6 2. c4 c5 3. Nc3 g6 4. g3 Bg7 5. Bg2 0-0 6. 0-0 Nc6 7. d4 cxd4 8. Nxd4 Nxd4 9. Qxd4 Ne8 10. Qd3 Nc7 11. Re1 Ne6 12. Be3 Qa5 13. Rac1 d6 14. Bd2 Qd8 15. b4 a5 16. a3 axb4 17. axb4 Ra3 18. Ra1 Rxa1 19. Rxa1 Nd4 20. Rd1 Bf5 21. e4 Bg4 22. f3 Be6 23. Be3 Nc6 24. Nd5 Bxd5 25. cxd5 Nxb4 26. Qb3 Na6 27. Qxb7 1/2-1/2

[Event "Hessen-ch Seniors op 09th"]
[Site "Bad Sooden-Allendorf"]
[Date "2013.04.27"]
[Round "8"]
[White "Graffenberger, Marianne"]
[Black "Geisler, Reinhard"]
[Result "0-1"]
[WhiteElo "1493"]
[BlackElo "1925"]
[PlyCount "64"]
[EventDate "2013.04.20"]
[EventType "swiss"]
[EventRounds "9"]
[EventCountry "GER"]
[SourceTitle "EXT 2019"]
[Source "ChessBase"]
[SourceDate "2018.10.10"]
[SourceVersion "1"]
[SourceVersionDate "2018.10.10"]
[SourceQuality "1"]

1. e4 c5 2. Nc3 Nc6 3. Nf3 g6 4. d4 cxd4 5. Nxd4 Bg7 6. Be3 Nf6 7. Be2 0-0 8. 0-0 d5 9. Bf3 dxe4 10. Nxe4 Nd5 11. Nxc6 bxc6 12. c3 Nxe3 13. fxe3 Qb6 14. Qe2 Rb8 15. Rab1 Rd8 16. Kh1 h6 17. Rfd1 Bf5 18. Rxd8+ Rxd8 19. Qe1 Rd3 20. Qf2 Rxe3 21. h3 Bxe4 22. Bxe4 Rxe4 23. Qxb6 axb6 24. Rd1 Re2 25. Rb1 Be5 26. a4 Kf8 27. Kg1 Ke8 28. Kf1 Rc2 29. b4 Rxc3 30. a5 bxa5 31. bxa5 Ra3 32. Rc1 Kd7 0-1

[Event "Hessen-ch Seniors op 09th"]
[Site "Bad Sooden-Allendorf"]
[Date "2013.04.23"]
[Round "4"]
[White "Haselhorst, Helmut"]
[Black "Geisler, Reinhard"]
[Result "1-0"]
[WhiteElo "2060"]
[BlackElo "1925"]
[PlyCount "61"]
[EventDate "2013.04.20"]
[EventType "swiss"]
[EventRounds "9"]
[EventCountry "GER"]
[SourceTitle "EXT 2019"]
[Source "ChessBase"]
[SourceDate "2018.10.10"]
[SourceVersion "1"]
[SourceVersionDate "2018.10.10"]
[SourceQuality "1"]

1. Nf3 Nf6 2. c4 e6 3. g3 d5 4. d4 c6 5. Bg2 Nbd7 6. Qc2 Ne4 7. 0-0 Bd6 8. Nbd2 f5 9. Nxe4 fxe4 10. Ng5 Nf6 11. f3 exf3 12. Rxf3 Qe7 13. Bd2 Bd7 14. e4 dxe4 15. Nxe4 Nxe4 16. Qxe4 0-0-0 17. Raf1 Rdf8 18. Rxf8+ Rxf8 19. Rxf8+ Qxf8 20. Qxh7 Qf6 21. Qe4 e5 22. dxe5 Bxe5 23. b3 Bd4+ 24. Kh1 Bb6 25. Qb1 Bf5 26. Qe1 Bd4 27. Bf4 Bd7 28. h4 b6 29. Kh2 a5 30. Bh3 Bxh3 31. Qe8+ 1-0

[Event "Hessen-ch Seniors op 08th"]
[Site "Bad Sooden-Allendorf"]
[Date "2012.04.14"]
[Round "1"]
[White "Geisler, Reinhard"]
[Black "Bill, Eugen"]
[Result "1/2-1/2"]
[WhiteElo "1899"]
[BlackElo "1875"]
[PlyCount "30"]
[EventDate "2012.04.14"]
[EventType "swiss"]
[EventRounds "9"]
[EventCountry "GER"]
[SourceTitle "EXT 2019"]
[Source "ChessBase"]
[SourceDate "2018.10.10"]
[SourceVersion "1"]
[SourceVersionDate "2018.10.10"]
[SourceQuality "1"]

1. d4 Nf6 2. c4 c6 3. Nf3 d5 4. Qc2 Nbd7 5. g3 g6 6. Bg2 Bg7 7. 0-0 0-0 8. Nbd2 Re8 9. b3 e5 10. dxe5 Ng4 11. Bb2 Ngxe5 12. cxd5 cxd5 13. Nd4 Nf6 14. Rac1 Bd7 15. Qc7 Nc6 1/2-1/2

[Event "GER Cup GrA+B Seniors 1st"]
[Site "Bad Blankenburg"]
[Date "2011.08.22"]
[Round "5"]
[White "Kaufmann, Helmut"]
[Black "Geisler, Reinhard"]
[Result "1-0"]
[WhiteElo "1850"]
[BlackElo "1806"]
[PlyCount "55"]
[EventDate "2011.08.18"]
[EventType "swiss"]
[EventRounds "7"]
[EventCountry "GER"]
[SourceTitle "CBM 144 Extra"]
[Source "ChessBase"]
[SourceDate "2011.10.28"]
[SourceVersion "1"]
[SourceVersionDate "2011.10.28"]
[SourceQuality "1"]

1. d4 d5 2. Nf3 Nf6 3. e3 e6 4. Bd3 c5 5. c3 Nc6 6. Nbd2 Bd6 7. 0-0 0-0 8. Qe2 e5 9. dxc5 Bxc5 10. e4 dxe4 11. Nxe4 Be7 12. h3 Nxe4 13. Bxe4 h6 14. Bxc6 bxc6 15. Qxe5 Re8 16. Qd4 c5 17. Qxd8 Rxd8 18. Be3 Rb8 19. b3 a5 20. Ne5 Bb7 21. Rad1 Rbc8 22. c4 Bd6 23. Nd3 g5 24. Nxc5 Ba8 25. Na4 Be4 26. Bb6 Bc2 27. Bxd8 Rxd8 28. Rd5 1-0

[Event "GER Cup GrA+B Seniors 1st"]
[Site "Bad Blankenburg"]
[Date "2011.08.21"]
[Round "4"]
[White "Geisler, Reinhard"]
[Black "Nietsch, Horst"]
[Result "1/2-1/2"]
[WhiteElo "1806"]
[BlackElo "1867"]
[PlyCount "39"]
[EventDate "2011.08.18"]
[EventType "swiss"]
[EventRounds "7"]
[EventCountry "GER"]
[SourceTitle "CBM 144 Extra"]
[Source "ChessBase"]
[SourceDate "2011.10.28"]
[SourceVersion "1"]
[SourceVersionDate "2011.10.28"]
[SourceQuality "1"]

1. d4 Nf6 2. c4 e6 3. g3 d5 4. Nf3 Nbd7 5. Bg2 c6 6. 0-0 Bd6 7. Nbd2 0-0 8. Qc2 b6 9. e4 dxe4 10. Nxe4 Nxe4 11. Qxe4 Bb7 12. Rd1 Nf6 13. Qc2 Qc7 14. c5 Be7 15. Bf4 Qc8 16. h4 Nd5 17. Ng5 Bxg5 18. Bxg5 h6 19. Bd2 b5 20. a4 1/2-1/2

[Event "Hessen-ch Seniors op 07th"]
[Site "Bad Sooden-Allendorf"]
[Date "2011.05.07"]
[Round "8"]
[White "Heinzel, Peter"]
[Black "Geisler, Reinhard"]
[Result "1-0"]
[WhiteElo "1947"]
[BlackElo "1804"]
[PlyCount "77"]
[EventDate "2011.04.30"]
[EventType "swiss"]
[EventRounds "9"]
[EventCountry "GER"]
[SourceTitle "EXT 2012"]
[Source "ChessBase"]
[SourceDate "2011.11.24"]
[SourceVersion "1"]
[SourceVersionDate "2011.11.24"]
[SourceQuality "1"]

1. b4 e5 2. Bb2 d6 3. e3 Nf6 4. c4 Be7 5. Nc3 0-0 6. Qc2 c6 7. Nf3 Bg4 8. Be2 Nbd7 9. 0-0 Re8 10. d4 a6 11. dxe5 dxe5 12. a3 Bf8 13. Rfd1 Qc7 14. Rd2 h6 15. Rad1 Rad8 16. h3 Bh5 17. Nh4 Bxe2 18. Nxe2 a5 19. Bc3 axb4 20. Bxb4 Nc5 21. Ng3 Rxd2 22. Rxd2 Rd8 23. Nf3 Rxd2 24. Qxd2 Nfe4 25. Nxe4 Nxe4 26. Qd3 Bxb4 27. axb4 Ng5 28. Nd2 b6 29. h4 Ne6 30. Qf5 g6 31. Qc2 Qe7 32. Qc3 f6 33. Ne4 Kf7 34. c5 bxc5 35. bxc5 Kg7 36. g3 h5 37. Qc4 f5 38. Nd6 g5 39. Nxf5+ 1-0

[Event "Hessen-ch Seniors op 07th"]
[Site "Bad Sooden-Allendorf"]
[Date "2011.05.04"]
[Round "5"]
[White "Geisler, Reinhard"]
[Black "Oldach, Ehrenfried"]
[Result "0-1"]
[WhiteElo "1804"]
[BlackElo "1888"]
[PlyCount "112"]
[EventDate "2011.04.30"]
[EventType "swiss"]
[EventRounds "9"]
[EventCountry "GER"]
[SourceTitle "EXT 2012"]
[Source "ChessBase"]
[SourceDate "2011.11.24"]
[SourceVersion "1"]
[SourceVersionDate "2011.11.24"]
[SourceQuality "1"]

1. d4 Nf6 2. c4 e6 3. g3 Bb4+ 4. Bd2 Qe7 5. Nf3 b6 6. Bg2 Bb7 7. 0-0 Bxd2 8. Nbxd2 0-0 9. Qc2 d6 10. e4 Nbd7 11. Rfe1 e5 12. d5 a5 13. b3 Nc5 14. a3 Bc8 15. b4 Nb7 16. Nf1 Ng4 17. Nh4 Qg5 18. f3 Nh6 19. Qd2 Qxd2 20. Nxd2 g5 21. Nf5 Nxf5 22. exf5 Bxf5 23. Ne4 Bxe4 24. fxe4 f5 25. exf5 Rxf5 26. Bh3 Rf3 27. Be6+ Kg7 28. Rf1 Raf8 29. Rxf3 Rxf3 30. Bc8 Nd8 31. c5 dxc5 32. bxc5 b5 33. Bd7 Rc3 34. d6 cxd6 35. cxd6 Nf7 36. Bxb5 Nxd6 37. a4 Kf6 38. Bd7 Ke7 39. Bb5 Rb3 40. Bc6 Rc3 41. Bd5 Rc5 42. Bg8 h6 43. Ra2 Ne4 44. Kf1 Nc3 45. Ra3 Kf6 46. Kf2 e4 47. Ra1 Ke5 48. Bb3 Kd4 49. Re1 Rf5+ 50. Kg2 e3 51. Be6 Rf2+ 52. Kg1 Rd2 53. Bg4 Ra2 54. Bd7 Kd3 55. h4 e2 56. Kf2 Kd2 0-1

[Event "Niedersachsen-ch Seniors op 13th"]
[Site "Bad Bevensen"]
[Date "2010.07.08"]
[Round "3"]
[White "Moeller, Peter1111"]
[Black "Geisler, Reinhard"]
[Result "0-1"]
[WhiteElo "1393"]
[BlackElo "1770"]
[PlyCount "42"]
[EventDate "2010.07.06"]
[EventType "swiss"]
[EventRounds "9"]
[EventCountry "GER"]
[SourceTitle "EXT 2012"]
[Source "ChessBase"]
[SourceDate "2011.11.24"]
[SourceVersion "1"]
[SourceVersionDate "2011.11.24"]
[SourceQuality "1"]

1. d4 d5 2. Nf3 Nf6 3. e3 e6 4. a3 c5 5. c4 Nc6 6. Nc3 a6 7. cxd5 exd5 8. dxc5 Bxc5 9. Be2 0-0 10. 0-0 Re8 11. b4 Ba7 12. Bb2 Qd6 13. Qb3 Be6 14. Qc2 Rac8 15. Qd2 Red8 16. Rac1 Qe7 17. Ba1 h6 18. Qb2 d4 19. exd4 Nxd4 20. Qb1 Rxc3 21. Nxd4 Rxc1 0-1